<?xml version="1.0" encoding="UTF-8"?>
<collection xmlns="http://www.loc.gov/MARC21/slim">
 <record>
  <leader>01503nam a2200193Ia 4500</leader>
  <controlfield tag="001">CTU_15594</controlfield>
  <controlfield tag="008">210402s9999    xx            000 0 und d</controlfield>
  <datafield tag="020" ind1=" " ind2=" ">
   <subfield code="c">75000</subfield>
  </datafield>
  <datafield tag="082" ind1=" " ind2=" ">
   <subfield code="a">332.1</subfield>
  </datafield>
  <datafield tag="082" ind1=" " ind2=" ">
   <subfield code="b">D107</subfield>
  </datafield>
  <datafield tag="100" ind1=" " ind2=" ">
   <subfield code="a">Lê, Vinh Danh</subfield>
  </datafield>
  <datafield tag="245" ind1=" " ind2="0">
   <subfield code="a">Tiền và hoạt động ngân hàng</subfield>
  </datafield>
  <datafield tag="245" ind1=" " ind2="0">
   <subfield code="c">Lê Vinh Danh</subfield>
  </datafield>
  <datafield tag="260" ind1=" " ind2=" ">
   <subfield code="a">Hà Nội</subfield>
  </datafield>
  <datafield tag="260" ind1=" " ind2=" ">
   <subfield code="b">Chính trị quốc gia</subfield>
  </datafield>
  <datafield tag="260" ind1=" " ind2=" ">
   <subfield code="c">1996</subfield>
  </datafield>
  <datafield tag="520" ind1=" " ind2=" ">
   <subfield code="a">Sách chia làm 6 phần. Phần I nghiên cứu những nhận thức hiện nay về tiền tệ. Phần II dành cho hoạt động ngân hàng, trình bày những lề lối tổ chức, những hoạt động cơ bản của ngân hàng Trung ương, ngân hàng Thương mại, các Công ty tài chính và thị trường tài chính, chứng khoán. Phần III phân tích về hệ thống tiền tệ quốc tế và cán cân thanh toán. Phần IV giải thích về những bước hình thành chính sách tiền tệ của ngân hàng Trung ương: các mặt ảnh hưởng khác nhau của nó đến đời sống kinh tế xã hội. Phần V là thư mục tham khảo đã sử dụng. Phần VI, phần cuối cùng, là 240 câu hỏi gợi ý suy nghĩ và bài tập dành riêng cho sinh viên</subfield>
  </datafield>
  <datafield tag="650" ind1=" " ind2=" ">
   <subfield code="a">Banks and banking,Money</subfield>
  </datafield>
  <datafield tag="980" ind1=" " ind2=" ">
   <subfield code="a">Trung tâm Học liệu Trường Đại học Cần Thơ</subfield>
  </datafield>
 </record>
</collection>
